|
|
|
|
| LEADER |
00000nam a2200000 a 4500 |
| 001 |
vtls011598446 |
| 003 |
SK-MaSNL |
| 005 |
20260302085432.0 |
| 008 |
200316s2016 xr f 000 0 cze |
| 015 |
|
|
|a SNBZSA2017/02
|
| 020 |
|
|
|a 9788087488256
|q (brožované)
|
| 035 |
|
|
|a urn:nbn:sk:snk-am00dfo3
|
| 035 |
|
|
|a urn:nbn:sk:snk-am3i0ob
|
| 035 |
|
|
|a 046A47D6-8BBA-4A15-ABFD-90411D193FD8
|
| 040 |
|
|
|a SNK
|b slo
|c SNK
|e AACR2
|
| 041 |
0 |
|
|a cze
|a slo
|b eng
|
| 044 |
|
|
|a xr
|c CZ
|
| 072 |
|
7 |
|a 341
|x Medzinárodné právo
|2 konspekt
|
| 080 |
|
|
|a 341.7/.8+342.53
|2 2011
|
| 080 |
|
|
|a 341.73
|2 2011
|
| 080 |
|
|
|a 341
|2 2011
|
| 080 |
|
|
|a 341.171
|2 2011
|
| 080 |
|
|
|a (048.8:082)
|2 2011
|
| 245 |
0 |
0 |
|a Imunity v mezinárodním právu
|c Pavel Šturma, Zuzana Trávníčková (eds.)
|
| 260 |
|
|
|a Praha
|b Česká společnost pro mezinárodní právo
|c 2016
|
| 300 |
|
|
|a 222 s.
|c 21 cm
|
| 500 |
|
|
|a Vydané v nadkladateľstve Eva Rozkotová, Beroun
|
| 504 |
|
|
|a Bibliogr. ; bibliogr. odkazy
|
| 546 |
|
|
|a Text aj v čes. jazyku ; resumé v angl. jazyku
|
| 650 |
0 |
7 |
|a imunita (právo)
|2 SNKPH
|9 1330
|
| 650 |
0 |
7 |
|a Immunity (law)
|2 SNKPHeng
|9 438358
|
| 650 |
0 |
7 |
|a diplomatická imunita
|2 SNKPH
|9 1314
|
| 650 |
0 |
7 |
|a Diplomatic immunity
|2 SNKPHeng
|9 551793
|
| 650 |
0 |
7 |
|a medzinárodné právo
|2 SNKPH
|9 980
|
| 650 |
0 |
7 |
|a International law
|2 SNKPHeng
|9 270447
|
| 650 |
0 |
7 |
|a európske právo
|2 SNKPH
|9 4431
|
| 650 |
0 |
7 |
|a European law
|2 SNKPHeng
|9 270889
|
| 655 |
|
7 |
|a kolektívne monografie
|2 SNKPH
|9 249850
|
| 655 |
|
7 |
|a Collective monographs
|2 SNKPHeng
|9 125747
|
| 700 |
1 |
|
|a Šturma, Pavel,
|d 1963-
|4 edt
|9 99731
|
| 700 |
1 |
|
|a Trávníčková, Zuzana,
|d 1977-
|4 edt
|9 568355
|
| 919 |
|
|
|a 978-80-87488-25-6
|
| 958 |
|
|
|a ZS
|
| 958 |
|
|
|a NB
|
| 999 |
|
|
|c 1192144
|d 1194074
|
| 952 |
|
|
|a SNK
|b SNK
|y PREZ
|7 0
|p 17A1250791
|o snkSC 172588
|i snk2017/528
|8 4
|g 6.03
|0 0
|1 0
|4 0
|d 2016-12-08
|f 1
|l 0
|r 2025-09-10 00:00:00
|w 2026-02-24
|